00711nam a2200145 a 450000100100000000500170001000800410002704000250006808200150009311000700010824501660017824600840034426001090042830000280053700004830020201002061045.0181214s2012 dr a r 000 spa d aDO-SdBNPbspacBNPHU axxxbR426e1 aRepública Dominicana.bPresidencia de la República Dominicana 0aEstrategia nacional para fortalecer los recursos humanos y las habilidades para avanzar hacia un desarrollo verde, con bajas emisiones y resiliencia climática.1 aConsejo Nacional para el Cambio Climático y el Mecanismo de Desarrollo Limpio aSanto Domingo :bConsejo Nacional para el Cambio Climático y el Mecanismo de Desarrollo Limpio,c2012. a131 p. :bil. ;c23 cm.